000 00766cam a22002657a 4500
003 CHAP
005 20220329133752.0
008 971013s1979 r 00010 d
010 _a10597
011 _a11569
035 _a10808
040 _cCHAP
082 _a636.5089
_bB3
100 0 0 _aBains, B. S.
_99470
245 1 2 _aA manual of poultry diseases
260 _aBasle :
_bRoche,
_c1979
300 _a297 p.
_b: ilus
590 _aBATCH-UPD
_b10
_c20130110
_lUCH01
_h1901
590 _aCONVERSION
_b10
_c20130109
_lUCH01
_h1307
650 1 4 _aAves de corral
_xEnfermedades.
_98646
901 _aBK
942 _cLIBRO
949 _a636.5089 B3
_bBC
_cC
_d33724000617312
_eC
_h53243
_i10808
_si
949 _a636.5089 B3
_bBC
_cC
_d33724000617320
_eC
_fc.2
_h53244
_i10808
_si
999 _c10597
_d10597